Sporcle Speed-Picking X Quiz Stats

 Plays Quiz not verified by Sporcle

Score 0/50 Timer 02:00
2 Plays Today
% Correct
Thanksgiving
91.3%
Christmas
89.8%
Denver
89.5%
Leonardo DiCaprio
88.8%
Halloween
88.8%
Sacramento
88.4%
Austin
88.2%
The Chronicles of Narnia
88.2%
The Hunger Games
87.9%
Thriller
87.3%
Daniel Day-Lewis
87.1%
Marlon Brando
86.9%
Hanukkah
85.3%
Easter
85.2%
Baltic Avenue
85.1%
Shirt
85%
Hat
84.9%
Dress
84.8%
Pants
84.6%
Sean Penn
83.6%
Boot
83.5%
Boardwalk
83.2%
Reading Railroad
82.8%
Little Rock
82.5%
Park Place
81.9%
% Correct
Electric Company
80.8%
Juneau
79.6%
John Paul
79.5%
Francis
77.5%
Benedict
77.3%
Bad
77%
Harry Potter
76.6%
Bing Crosby
72.6%
World War II
72.5%
Vietnam War
72.1%
American Revolution
71.7%
Off the Wall
71.7%
Twilight
71.6%
First Punic War
70.3%
Six-Day War
70%
Dangerous
66.3%
Divergent
64.2%
Music & Me
63.7%
Fabian
63.1%
Meter
61%
Kilogram
59.9%
Kelvin
59.1%
Ampere
58.9%
Urban
52.1%
Second
50.9%

You're not logged in!

Compare scores with friends on all Sporcle quizzes.
OR
Log In

Show Comments

Extras

Top Quizzes Today


Score Distribution

Your Account Isn't Verified!

In order to create a playlist on Sporcle, you need to verify the email address you used during registration. Go to your Sporcle Settings to finish the process.

Report this User

Report this user for behavior that violates our Community Guidelines.

Details: